000 01066nam a2200325 i 4500
001 bg
100 1 _aWithers, Jean.
245 1 0 _aNa czym polega i jak robić marketing usług /
_cJean Withers i Carol Vipperman ; tł. [z ang.] i adaptacja Maciej S. Mulak.
246 3 0 _iTyt. grzbiet.:
_aMarketing usług
260 _aLublin :
_bWydawnictwo M & A Communications Polska : we współpracy z M & A Marketing Communications Canada,
_c1994.
300 _a[10], 166 s. :
_bil. ;
_c24 cm.
490 1 _aPomóż Sobie Sam. Biznes.
521 _aPoradnik dla średnich i małych firm.
650 4 _aUsługi
_xmarketing
650 4 _aPrzedsiębiorstwo usługowe
_xorganizacja
650 4 _aPoradniki
700 1 _aVipperman, Carol.
700 1 _aMulak, Maciej S.
_eTł.
830 0 _aPomóż Sobie Sam.
_nBiznes.
020 _a8390166216
040 _cBPK
041 1 _apol
_heng
044 _aPOL
080 _a338.46
080 _a339.138
080 _a(083.1)
920 _a83-901662-1-6
942 _cKS
008 110411s1994 pl a |000 0 pol
999 _c49678
_d49678
856 _uhttp://koha.tu.koszalin.pl/cgi-bin/koha/opac-detail.pl?biblionumber=49678
_yKatalog online BPK